000 00985cam a2200265 i 4500
001 xx002290165
003 NUKAT
005 20260326070859.0
008 111205s1886 pl |000 d pol c
035 _a(OCoLC)803954814
035 _a(NUKAT)xx002290165
040 _aLUBL M/mm
_bpol
_erda
_cLUBL M/mm
_dLUBL M/JD
_dOLSZT 008/AL
100 1 _aLiszewski, Jan
_d(1852-1894).
_eAutor
_eNakładca
_98032
245 1 0 _aSwaty warmińskie :
_bsztuczka teatralna w trzech aktach /
_cprzez Jana Liszewskiego.
250 _aWydanie drugie.
260 _a[Gniezno] :
_bnakładem autora,
_c1886
_e(Gniezno :
_fczcionkami J. B. Langiego).
300 _a27 stron ;
_c19 cm.
336 _aTekst
_btxt
_2rdacontent
337 _aBez urządzenia pośredniczącego
_bn
_2rdamedia
338 _aWolumin
_bnc
_2rdacarrier
510 3 _aEstr nie notuje
655 7 _aDramat polski
_y1870-1914.
_2kaba
_938643
710 2 _aJ. B. Lange Księgarnia i Drukarnia (Gniezno).
_eDruk
_4prt
_94142
942 _2ddc
_cBK_NM
999 _c27274
_d27274